书目信息 |
| 题名: |
嘉兴
|
|
| 作者: | 徐燕 著 ;徐燕 撰文 | |
| 分册: | ||
| 出版信息: | 济南 山东画报出版社 2004 |
|
| 页数: | 64页 | |
| 开本: | 18cm | |
| 丛书名: | 典藏中国 | |
| 单 册: | ||
| 中图分类: | K928.955.3 | |
| 科图分类: | ||
| 主题词: | 旅游指南--嘉兴市 | |
| 电子资源: | ||
| ISBN: | 7-80603-905-8 | |
| 000 | 00890nam 2200277 450 | |
| 001 | 0134002124 | |
| 005 | 20080826152256.35 | |
| 010 | @a7-80603-905-8@dCNY9.00 | |
| 100 | @a20050319d2004 km y0chiy0120 ea | |
| 101 | 0 | @achi |
| 102 | @aCN@b370000 | |
| 105 | @af z 000yy | |
| 200 | 1 | @a嘉兴@Ajia xing@e浙北水国@f徐燕著@Fxu yan zhu@g徐燕撰文@Gxu yan zhuan wen |
| 210 | @a济南@c山东画报出版社@d2004 | |
| 215 | @a64页@c图@d18cm | |
| 225 | 2 | @a典藏中国@i100个您一生必游的中国名景@v58 |
| 330 | @a本书以高度视觉化的图文结合形式展现嘉兴景点和景区风貌,是一种便于翻阅和携带的大众旅游读物。 | |
| 410 | 0 | @12001 @a典藏中国 |
| 410 | 0 | @12001 @a100个您一生必游的中国名景 |
| 517 | 1 | @a浙北水国@Azhe bei shui guo |
| 606 | 0 | @a旅游指南@y嘉兴市 |
| 690 | @aK928.955.3@v4 | |
| 701 | 0 | @a徐燕@Axu yan@4著 |
| 702 | 0 | @a徐燕@Axu yan@4撰文 |
| 801 | 0 | @aCN@c20080826 |
| 905 | @dK928.955.3@eX835 | |
| 嘉兴:浙北水国/徐燕著/徐燕撰文.-济南:山东画报出版社,2004 |
| 64页:图;18cm.-(典藏中国.100个您一生必游的中国名景;58) |
| ISBN 7-80603-905-8:CNY9.00 |
| 本书以高度视觉化的图文结合形式展现嘉兴景点和景区风貌,是一种便于翻阅和携带的大众旅游读物。 |
| ● |
| 相关链接 |
|
|
|
正题名:嘉兴
索取号:K928.955.3/X835
 
预约/预借
| 序号 | 登录号 | 条形码 | 馆藏地/架位号 | 状态 | 备注 |
| 1 | 715107 | 207151071 | 社科库309/309社科库 23排1列4层/ [索取号:K928.955.3/X835] | 在馆 | |
| 2 | 715108 | 207151080 | 社科库309/309社科库 23排1列4层/ [索取号:K928.955.3/X835] | 在馆 | |
| 3 | 715109 | 207151099 | 社科库309/309社科库 23排1列4层/ [索取号:K928.955.3/X835] | 在馆 |